The red flag ,communism and the making of the modern world (Record no. 571846)

000 -LEADER
fixed length control field 00543nam a22001817a 4500
003 - CONTROL NUMBER IDENTIFIER
control field CEME
005 - DATE AND TIME OF LATEST TRANSACTION
control field 20210628203021.0
008 - FIXED-LENGTH DATA ELEMENTS--GENERAL INFORMATION
fixed length control field 210128b xxu||||| |||| 00| 0 eng d
020 ## - INTERNATIONAL STANDARD BOOK NUMBER
International Standard Book Number 9780713994810
040 ## - CATALOGING SOURCE
Transcribing agency .
082 ## - DEWEY DECIMAL CLASSIFICATION NUMBER
Classification number 335.4 PRI
100 ## - MAIN ENTRY--PERSONAL NAME
Personal name Priestland, David
9 (RLIN) 62886
245 ## - TITLE STATEMENT
Title The red flag ,communism and the making of the modern world
260 ## - PUBLICATION, DISTRIBUTION, ETC.
Place of publication, distribution, etc. GREAT BRITAIN
Name of publisher, distributor, etc. PENGUIN BOOKS
Date of publication, distribution, etc. 2009
300 ## - PHYSICAL DESCRIPTION
Extent XXVII,675P
650 ## - SUBJECT ADDED ENTRY--TOPICAL TERM
Topical term or geographic name entry element PAST COMMUNISM.WORLD POLITICAN - 20TH CENTUREY.INTERNATIONAL RELATIONS
9 (RLIN) 62887
942 ## - ADDED ENTRY ELEMENTS (KOHA)
Koha item type Book
Source of classification or shelving scheme
Holdings
Withdrawn status Lost status Damaged status Not for loan Permanent Location Current Location Shelving location Date acquired Total Checkouts Full call number Barcode Date last seen Price effective from Koha item type
        College of Electrical & Mechanical Engineering (CEME) College of Electrical & Mechanical Engineering (CEME) General Stacks 07/24/2017   335.4 PRI CEME-45556 06/28/2021 06/28/2021 Book
© 2023 Central Library, National University of Sciences and Technology. All Rights Reserved.